El concepto de proveedor en el Código Civil unificado y su integración con el texto del artículo 2 de la Ley 24240 (Registro nro. 30409)

Detalles MARC
000 -LEADER
fixed length control field 00421 a2200109 4500
001 - CONTROL NUMBER
control field ART_29406
005 - DATE AND TIME OF LATEST TRANSACTION
control field 20260410161951.0
008 - FIXED-LENGTH DATA ELEMENTS--GENERAL INFORMATION
fixed length control field 260409a
100 1# - MAIN ENTRY--PERSONAL NAME
Personal name Alvarez Larrondo, Federico M.
245 10 - TITLE STATEMENT
Title El concepto de proveedor en el Código Civil unificado y su integración con el texto del artículo 2 de la Ley 24240
773 0# - HOST ITEM ENTRY
Title Temas de derecho comercial
Related parts - Año 1, Nº 5 (mayo 2015)
Record control number REV28151

No hay ítems disponibles.